000 00400cam a2200169ua 4500
001 9824
008 120407n2000 II |||gr||||Z||||||eng
040 _aMAIN
041 _aEnglish
082 _a640 KAU
100 _aKAUSIK, VIJAY.
245 _aFOOD SCIENCE AND NUTRITION
260 _aJAIPUR
_bMANGAL DEEP PUBLICATIONS
_c2000
300 _a197.
653 _aHome & family management
942 _cBK
999 _c9795
_d9795